Herby i godła Europy - Statystyki

Ogólne statystyki
  • Ten quiz został rozwiązany 2 081 razy
    2 072 od ostatniego zresetowania
  • Średni wynik to 30 z 48
Statystyki odpowiedzi
Obrazkowy Odpowiedź % Poprawnych
Polska
100%
Słowacja
92%
Szwajcaria
92%
Niemcy
91%
Belgia
87%
Portugalia
87%
Węgry
87%
Grecja
86%
Ukraina
84%
Słowenia
83%
Białoruś
82%
Serbia
82%
Islandia
81%
Andora
79%
Bośnia i Hercegowina
79%
Hiszpania
79%
Włochy
77%
Mołdawia
76%
Albania
75%
Malta
74%
Austria
72%
Chorwacja
71%
San Marino
71%
Watykan
67%
Irlandia
66%
Rosja
65%
Kazachstan
64%
Rumunia
63%
Litwa
60%
Holandia
57%
Wielka Brytania
56%
Czarnogóra
47%
Francja
46%
Bułgaria
45%
Finlandia
45%
Czechy
43%
Cypr
42%
Norwegia
42%
Szwecja
41%
Luksemburg
40%
Monako
38%
Gruzja
35%
Dania
34%
Estonia
31%
Macedonia Północna
29%
Armenia
26%
Liechtenstein
26%
Łotwa
26%
Nie znaleziono quizów pasujących do podanych kryteriów
Rozkład punktacji
Procent ludzi z każdym wynikiem
Percentyl według liczby udzielonych odpowiedzi
Twoja historia wyników
Nie rozwiązałeś tego quizu od ostatniego zresetowania